000 01538nam a2200457 c 4500
001 6425
003 ES-MaCES
005 20190103040050.0
008 980129s1997 sp ||| | spa d
017 _aV-2187-1997
_bDL
020 _a8480024860
035 _aCES19980064842m
040 _aES-MaCES
_bspa
_cES-MaCES
100 1 _aAlbiol Montesinos, Ignacio
_95812
245 1 3 _aLa reforma laboral de 1997
_cIgnacio Albiol Montesinos, Luis Miguel Camps Ruiz, José Mª Goerlich Peset
260 _aValencia
_bTirant lo Blanch
_c1997
300 _a236 p.
_c21 cm
490 1 _aColección Laboral (Tirant lo Blanch (Firma))
_v51
500 _aAnexo documental: p. 153-236
541 _cCompra
650 4 _alegislación del trabajo
_927166
650 4 _aEstatuto de los Trabajadores
_930784
650 4 _aEspaña
_926964
650 4 _a1997
_930803
650 4 _atexto
_929624
650 4 _acomentario
_928971
650 4 _areforma legislativa
_929892
650 4 _acontratación
_928323
650 4 _acontrato de trabajo
_928316
650 4 _aincentivo al trabajo
_930269
650 4 _afomento del empleo
_930270
650 4 _aseguridad en el empleo
_928301
650 4 _anegociación colectiva
_928362
653 1 0 _aDerecho del trabajo y Seguridad Social
700 1 _aCamps Ruiz, Luis Miguel
_98856
700 1 _aGoerlich Peset, José María
_913524
830 0 _aLaboral (Tirant lo Blanch (Firma))
_v51
_932672
902 _aLIB Libro
942 _2CES
_cBK
_h6.0.1.
999 _c6425
_d6425